=LDR 00000nam 2200000 4500 =001 001102 =005 20250713111725 =035 ##$$a 0010-0725000985 =007 ta =008 250713################a##########0#ind## =020 ##$$a 978-623-472-293-3 =082 ##$$a 398.209 598 =084 ##$$a 398.209 598 MAD a =100 #$$a Madhav chavan =245 1#$$a Ajari aku! /$c Chavan madhav =250 ##$$a Cetakan pertama =260 ##$$a Rawamangun :$b Badan pengembangan dan pembinaan bahasa,$c 2022 =300 ##$$a 20 hlm. : $b Ilus. ; $c 22,9 cm. =650 #4$$a Cerita anak indonesia-terjemahan =650 #4$$a Literasi-bahan bacaan